Penang Hill : The need to save our natural heritage

Bibliographic Details
Format: Book
Published: Penang : Friends of Penang Hill , 1991
Subjects:

MARC

LEADER 00000cam a2200000 7i4500
001 0000002114
002 000002310
005 20000330.0
020 |a 9679950611 
090 0 0 |a 333.72   |b PEN 
245 0 0 |a Penang Hill :   |b The need to save our natural heritage   |c Prepared by Martin Khor Kok Peng[et.al] 
260 |a Penang :   |b Friends of Penang Hill ,   |c 1991 
300 |a 150p. :   |b ill ;   |c 24cm. 
650 0 0 |a Human ecology   |z Penang Hill 
650 0 0 |a Natural history   |z Penang 
999 |a 00254002   |b BUKU   |c MALAYSIANA   |e PERPUSTAKAAN KOMUNITI PETALING JAYA 
999 |a 028172   |b BUKU   |c MALAYSIANA   |e PERPUSTAKAAN KOMUNITI PETALING JAYA